[Event "Stay Safe Play From Home 257"]
[Site "Emanuel Lasker Arena"]
[Date "2020.06.26"]
[Round "9"]
[White "Fischer_11"]
[Black "little champs"]
[Result "1-0"]
[WhiteElo "1877"]
[BlackElo "2244"]
[Annotator "NA"]
[PlyCount "135"]
[EventDate "2020.06.26"]
[EventType "swiss (blitz)"]

1. e4 {[%emt 0:00:01]} c5 {[%emt 0:00:06]} 2. c3 {[%emt 0:00:02]} d6 {[%emt 0:00:00]} 3. d4 {[%emt 0:00:01]} cxd4 {[%emt 0:00:00]} 4. cxd4 {[%emt 0:00:00]} Nf6 {[%emt 0:00:00]} 5. Nc3 {[%emt 0:00:00]} g6 {[%emt 0:00:00]} 6. Nf3 {[%emt 0:00:00]} Bg7 {[%emt 0:00:01]} 7. h3 {[%emt 0:00:00]} O-O {[%emt 0:00:00]} 8. Be2 {[%emt 0:00:01]} Nc6 {[%emt 0:00:00]} 9. Be3 {[%emt 0:00:00]} e5 {[%emt 0:00:00]} 10. O-O {[%emt 0:00:01]} Ne8 {[%emt 0:00:00]} 11. a3 {[%emt 0:00:01]} f5 {[%emt 0:00:01]} 12. exf5 {[%emt 0:00:02]} Bxf5 {[%emt 0:00:01]} 13. dxe5 {[%emt 0:00:00]} Nxe5 {[%emt 0:00:01]} 14. Nxe5 {[%emt 0:00:01]} dxe5 {[%emt 0:00:00]} 15. Qxd8 {[%emt 0:00:02]} Rxd8 {[%emt 0:00:01]} 16. Rfd1 {[%emt 0:00:00]} Nf6 {[%emt 0:00:02]} 17. Bxa7 {[%emt 0:00:02]} Bc2 {[%emt 0:00:03]} 18. Rdc1 {[%emt 0:00:05]} Bf5 {[%emt 0:00:02]} 19. Bb6 {[%emt 0:00:01]} Rd7 {[%emt 0:00:01]} 20. Bb5 {[%emt 0:00:03]} Rd2 {[%emt 0:00:03]} 21. Bc5 {[%emt 0:00:05]} Rfd8 {[%emt 0:00:02]} 22. Rd1 {[%emt 0:00:03]} Bc2 {[%emt 0:00:04]} 23. Rxd2 {[%emt 0:00:01]} Rxd2 {[%emt 0:00:01]} 24. Rc1 {[%emt 0:00:01]} Ne4 {[%emt 0:00:04]} 25. Be3 {[%emt 0:00:02]} Nxc3 {[%emt 0:00:05]} 26. Bxd2 {[%emt 0:00:04]} Ne4 {[%emt 0:00:03]} 27. Rxc2 {[%emt 0:00:03]} h5 {[%emt 0:00:00]} 28. Be3 {[%emt 0:00:01]} Kf7 {[%emt 0:00:01]} 29. Bd3 {[%emt 0:00:01]} Nd6 {[%emt 0:00:01]} 30. Rc7+ {[%emt 0:00:03]} Kf6 {[%emt 0:00:00]} 31. Bc5 {[%emt 0:00:01]} Nf5 {[%emt 0:00:01]} 32. Rxb7 {[%emt 0:00:01]} Bh6 {[%emt 0:00:01]} 33. Bxf5 {[%emt 0:00:01]} gxf5 {[%emt 0:00:01]} 34. Be3 {[%emt 0:00:00]} f4 {[%emt 0:00:01]} 35. Bd2 {[%emt 0:00:00]} Bf8 {[%emt 0:00:01]} 36. f3 {[%emt 0:00:01]} Bc5+ {[%emt 0:00:01]} 37. Kf1 {[%emt 0:00:00]} h4 {[%emt 0:00:01]} 38. Ke2 {[%emt 0:00:00]} Bd4 {[%emt 0:00:00]} 39. Be1 {[%emt 0:00:01]} Kg5 {[%emt 0:00:01]} 40. b4 {[%emt 0:00:01]} Be3 {[%emt 0:00:00]} 41. a4 {[%emt 0:00:00]} e4 {[%emt 0:00:00]} 42. a5 {[%emt 0:00:00]} exf3+ {[%emt 0:00:00]} 43. Kxf3 {[%emt 0:00:00]} Bd4 {[%emt 0:00:01]} 44. a6 {[%emt 0:00:00]} Be3 {[%emt 0:00:01]} 45. a7 {[%emt 0:00:00]} Bxa7 {[%emt 0:00:00]} 46. Rxa7 {[%emt 0:00:00]} Kf5 {[%emt 0:00:00]} 47. b5 {[%emt 0:00:00]} Ke5 {[%emt 0:00:00]} 48. b6 {[%emt 0:00:00]} Kd6 {[%emt 0:00:00]} 49. b7 {[%emt 0:00:00]} Kc7 {[%emt 0:00:00]} 50. b8=Q+ {[%emt 0:00:00]} Kxb8 {[%emt 0:00:00]} 51. Ra4 {[%emt 0:00:00]} Kc7 {[%emt 0:00:00]} 52. Rxf4 {[%emt 0:00:00]} Kc6 {[%emt 0:00:00]} 53. Rxh4 {[%emt 0:00:00]} Kc5 {[%emt 0:00:00]} 54. Rf4 {[%emt 0:00:00]} Kd5 {[%emt 0:00:00]} 55. g3 {[%emt 0:00:00]} Ke5 {[%emt 0:00:00]} 56. g4 {[%emt 0:00:00]} Ke6 {[%emt 0:00:00]} 57. g5 {[%emt 0:00:00]} Ke5 {[%emt 0:00:00]} 58. g6 {[%emt 0:00:00]} Ke6 {[%emt 0:00:00]} 59. g7 {[%emt 0:00:00]} Ke5 {[%emt 0:00:00]} 60. h4 {[%emt 0:00:00]} Kd6 {[%emt 0:00:00]} 61. h5 {[%emt 0:00:00]} Ke5 {[%emt 0:00:00]} 62. h6 {[%emt 0:00:00]} Kd6 {[%emt 0:00:00]} 63. h7 {[%emt 0:00:00]} Kd5 {[%emt 0:00:00]} 64. g8=Q+ {[%emt 0:00:00]} Ke5 {[%emt 0:00:00]} 65. Qg5+ {[%emt 0:00:00]} Kd6 {[%emt 0:00:00]} 66. Rf6+ {[%emt 0:00:00]} Kc7 {[%emt 0:00:00]} 67. Qg7+ {[%emt 0:00:00]} Kb8 {[%emt 0:00:00]} 68. Rf8# {[%emt 0:00:01] (Lag: Av=0.65s, max=1.1s)} 1-0

[Event "Stay Safe Play From Home 257"]
[Site "Emanuel Lasker Arena"]
[Date "2020.06.26"]
[Round "9"]
[White "Chase the sun"]
[Black "SoulofWolf"]
[Result "1-0"]
[WhiteElo "1845"]
[BlackElo "2238"]
[PlyCount "51"]
[EventDate "2020.06.26"]
[EventType "swiss (blitz)"]

1. e4 {[%emt 0:00:02]} e6 {[%emt 0:00:00]} 2. b3 {[%emt 0:00:02]} c6 {[%emt 0:00:00]} 3. Bb2 {[%emt 0:00:00]} d5 {[%emt 0:00:00]} 4. e5 {[%emt 0:00:01]} Nd7 {[%emt 0:00:00]} 5. d4 {[%emt 0:00:01]} f5 {[%emt 0:00:00]} 6. c3 {[%emt 0:00:00]} Ne7 {[%emt 0:00:01]} 7. f4 {[%emt 0:00:00]} Ng6 {[%emt 0:00:00]} 8. Nf3 {[%emt 0:00:01]} Be7 {[%emt 0:00:00]} 9. g3 {[%emt 0:00:01]} O-O {[%emt 0:00:01]} 10. Bg2 {[%emt 0:00:00]} h5 {[%emt 0:00:00]} 11. O-O {[%emt 0:00:01]} h4 {[%emt 0:00:01]} 12. Nxh4 {[%emt 0:00:01]} Nxh4 {[%emt 0:00:01]} 13. gxh4 {[%emt 0:00:00]} Bxh4 {[%emt 0:00:00]} 14. Kh1 {[%emt 0:00:00]} Kf7 {[%emt 0:00:01]} 15. Qh5+ {[%emt 0:00:01]} Kg8 {[%emt 0:00:01]} 16. Bf3 {[%emt 0:00:03]} Be7 {[%emt 0:00:09]} 17. Rg1 {[%emt 0:00:01]} Qe8 {[%emt 0:00:00]} 18. Qh3 {[%emt 0:00:01]} g6 {[%emt 0:00:03]} 19. Nd2 {[%emt 0:00:02]} Rf7 {[%emt 0:00:03]} 20. Bh5 {[%emt 0:00:01]} Rg7 {[%emt 0:00:01]} 21. Bxg6 {[%emt 0:00:04]} Qf8 {[%emt 0:00:02]} 22. Bh7+ {[%emt 0:00:03]} Kh8 {[%emt 0:00:00]} 23. Bg6+ {[%emt 0:00:01]} Kg8 {[%emt 0:00:00]} 24. Bh7+ {[%emt 0:00:03]} Kf7 {[%emt 0:00:01]} 25. Qh5+ {[%emt 0:00:02]} Rg6 {[%emt 0:00:03]} 26. Qxg6# {[%emt 0:00:01] (Lag: Av=0.31s, max=0.4s)} 1-0